New headway English course : Pre-Intermediate, Student's book

This is a new edition with a modified syllabus and extensive new material.

সংরক্ষণ করুন:
গ্রন্থ-পঞ্জীর বিবরন
বিন্যাস: গ্রন্থ
ভাষা:Undetermined
প্রকাশিত: Oxford Oxford University Press 2000
বিষয়গুলি:
ট্যাগগুলো: ট্যাগ যুক্ত করুন
কোনো ট্যাগ নেই, প্রথমজন হিসাবে ট্যাগ করুন!
Thư viện lưu trữ: Trung tâm Học liệu Trường Đại học Cần Thơ
LEADER 00708nam a2200205Ia 4500
001 CTU_228416
008 210402s9999 xx 000 0 und d
082 |a 428.0071 
082 |b N532 
245 0 |a New headway English course : 
245 0 |b Pre-Intermediate, Student's book 
245 0 |c John Soars, Liz Soars 
260 |a Oxford 
260 |b Oxford University Press 
260 |c 2000 
520 |a This is a new edition with a modified syllabus and extensive new material. 
650 |a Tiếng Anh,English language 
650 |x Sách giáo khoa cho người nước ngoài,Textbooks for foreign speakers 
910 |b nthai 
980 |a Trung tâm Học liệu Trường Đại học Cần Thơ